000 00463pab a2200157 454500
008 180718b2007 xxu||||| |||| 00| 0 eng d
100 _aHeinrich, Carolyn J.
245 _aEvidence-based policy and performance management: challenges and prospects in two parallel movements
260 _c2007
300 _ap.255-77.
362 _aSep
650 _aPerformance appraisal
773 _aAmerican Review of Public Administration
908 _aN
909 _a76103
999 _c76103
_d76103